17 de maig, Dia contra la LGTBIfòbia (Record no. 44860)

MARC details
000 -LEADER
campo de control de longitud fija 00958nam a2200313Ia 4500
001 - NÚMERO DE CONTROL
campo de control 055270
008 - DATOS DE LONGITUD FIJA--INFORMACIÓN GENERAL
campo de control de longitud fija 221003m2019 xx 000 0 cat d
035 ## - NÚMERO DE CONTROL DEL SISTEMA
Número de control de sistema CENDO_44861
041 ## - CÓDIGO DE IDIOMA
Código de lengua del texto/banda sonora o título independiente cat
245 #0 - MENCIÓN DEL TÍTULO
Título 17 de maig, Dia contra la LGTBIfòbia
260 ## - PUBLICACIÓN, DISTRIBUCIÓN, ETC.
Lugar de publicación, distribución, etc. Barcelona :
Nombre del editor, distribuidor, etc. CCOO de Catalunya,
Fecha de publicación, distribución, etc. 2019
300 ## - DESCRIPCIÓN FÍSICA
Extensión 1 p. ;
Dimensiones 30 cm
500 ## - NOTA GENERAL
Nota general En: Llu!ta Digital, n. 321 (mayo 2019), p. 4
650 ## - PUNTO DE ACCESO ADICIONAL DE MATERIA--TÉRMINO DE MATERIA
Término de materia o nombre geográfico como elemento de entrada IGUALDAD DE DERECHOS
9 (RLIN) 1832
650 ## - PUNTO DE ACCESO ADICIONAL DE MATERIA--TÉRMINO DE MATERIA
Término de materia o nombre geográfico como elemento de entrada ORIENTACION SEXUAL
9 (RLIN) 6099
650 ## - PUNTO DE ACCESO ADICIONAL DE MATERIA--TÉRMINO DE MATERIA
Término de materia o nombre geográfico como elemento de entrada DISCRIMINACION POR RAZONES DE SEXO
9 (RLIN) 201
650 ## - PUNTO DE ACCESO ADICIONAL DE MATERIA--TÉRMINO DE MATERIA
Término de materia o nombre geográfico como elemento de entrada GENERO
9 (RLIN) 29686
650 #0 - PUNTO DE ACCESO ADICIONAL DE MATERIA--TÉRMINO DE MATERIA
Término de materia o nombre geográfico como elemento de entrada ACTITUD SINDICAL
9 (RLIN) 61
710 ## - ENTRADA AGREGADA--NOMBRE DE ENTIDAD CORPORATIVA
Nombre de entidad corporativa o nombre de jurisdicción como elemento de entrada CCOO
Unidad subordinada CONC,
Término indicativo de función/relación ed.
9 (RLIN) 2438
856 ## - LOCALIZACIÓN Y ACCESO ELECTRÓNICOS
Nota pública PDF
Identificador Uniforme de Recursos <a href="http://docpublicos.ccoo.es/cendoc/055270DiaContraLgtbifobia.pdf">http://docpublicos.ccoo.es/cendoc/055270DiaContraLgtbifobia.pdf</a>
901 ## - ELEMENTOS DE DATOS A LOCAL LDA (RLIN)
a 0
903 ## - ELEMENTOS DE DATOS C LOCAL, LDC (RLIN)
a NO
904 ## - ELEMENTOS DE DATOS D LOCAL, LDD (RLIN)
a 000
907 ## - ELEMENTOS DE DATOS G LOCAL, LDG (RLIN)
a Igualdad de oportunidades
953 ## -
-- 2019-05-20
-- DOCU_ELEC
-- Llu!ta Digital, n. 321 (mayo 2019), p. 4
-- PS88
910 ## - DATOS DE OPCIÓN DEL USUARIO (OCLC)
Datos de opción del usuario 2019
942 ## - ELEMENTOS DE ENTRADA SECUNDARIOS (KOHA)
Tipo de ítem Koha Documento Electrónico
Holdings
Estatus retirado Estado de pérdida Estado de daño No para préstamo Biblioteca de origen Biblioteca actual Fecha de adquisición Enumeración/cronología de publicación seriada Total de préstamos Código de barras Visto por última vez Copia número Precio de reemplazo Tipo de ítem Koha
        CENDO CENDO 20/05/2019 Llu!ta Digital, n. 321 (mayo 2019), p. 4   CENDO_44861 05/10/2022 PS88 05/10/2022 Documento Electrónico